| 000 | 00000nam##2200000za#4500 |
| 001 | 9.610425 |
| 003 | CaOODSP |
| 005 | 20200327120045 |
| 007 | ta |
| 008 | 150406|1993||||xxc||||| f|0| 0 eng|d |
| 022 | |a0714-6221 |
| 040 | |aCaOODSP|beng |
| 043 | |an-cn--- |
| 086 | 1 |aNM95-57/11-4-1993E |
| 110 | 1 |aCanada.|bCommunications Canada. |bCanadian Conservation Institute. |
| 245 | 10|aWheat starch paste |
| 260 | |aOttawa - Ontario : |bCommunications Canada. |c1993. |
| 300 | |a2p. : |breferences ; |c28 cm. |
| 490 | 1 |aCCI Notes |x0714-6221|v11/4 |
| 500 | |aN.B.: Incorrect catalogue number (NM95-57/11-4-1986E) printed in this publication. |
| 563 | |aLoose-leaf |
| 776 | 0#|tWheat starch paste |w(CaOODSP)9.570268 |
| 830 | #0|aCCI notes,|x0714-6221|v11/4|w(CaOODSP)9.514835 |